000 00668nam a2200205Ia 4500
001 15454
003 GE_BSU
008 181216s||||||||xx |||||||||||||| ||und||
040 _cGE_BSU
080 _a821.353.1-4
100 _aჩაჩანიძე,როდამ
245 _a80 000 კილომეტრი წყალზე
245 _cრედ.ს.დემურხანაშვილი. მხატვ. ჯ.ყავლაშვილი
260 _aთბილისი
260 _bმერანი
260 _c1969
300 _a144გვ.20სმ.
653 _a80 000 კილომეტრი წყალზე
942 _cBK
999 _c48557
_d48557